Medicinal chemistry of bioactive natural products / (Record no. 20105)
[ view plain ]
| 000 -LEADER | |
|---|---|
| fixed length control field | 01008nam a22002895a 4500 |
| 005 - DATE AND TIME OF LATEST TRANSACTION | |
| control field | 20160111122734.0 |
| 008 - FIXED-LENGTH DATA ELEMENTS--GENERAL INFORMATION | |
| fixed length control field | 150702r20112006njua frb 001 0 eng d |
| 020 ## - INTERNATIONAL STANDARD BOOK NUMBER | |
| International Standard Book Number | 9788126528547 |
| 040 ## - CATALOGING SOURCE | |
| Original cataloging agency | EG-ScBUE |
| Language of cataloging | eng |
| Transcribing agency | EG-ScBUE |
| 082 04 - DEWEY DECIMAL CLASSIFICATION NUMBER | |
| Edition number | 22 |
| Classification number | 615.321 |
| Item number | MED |
| 245 00 - TITLE STATEMENT | |
| Title | Medicinal chemistry of bioactive natural products / |
| Statement of responsibility, etc | edited by Xiaotian Liang, Wei-Shuo Fang. |
| 260 ## - PUBLICATION, DISTRIBUTION, ETC. (IMPRINT) | |
| Place of publication, distribution, etc | Hoboken : |
| Name of publisher, distributor, etc | Wiley India Pvt., |
| Date of publication, distribution, etc | 2011. |
| 300 ## - PHYSICAL DESCRIPTION | |
| Extent | xix, 460 p. : |
| Other physical details | ill. ; |
| Dimensions | 24 cm. |
| 490 0# - SERIES STATEMENT | |
| Series statement | Xiao-Tian Liang Wei-Shuo Fang |
| 500 ## - GENERAL NOTE | |
| General note | Index : p. 443-460. |
| 500 ## - GENERAL NOTE | |
| General note | Reprinted of the 2006 ed. |
| 504 ## - BIBLIOGRAPHY, ETC. NOTE | |
| Bibliography, etc | Includes Bibliographical references. |
| 650 #7 - SUBJECT ADDED ENTRY--TOPICAL TERM | |
| Source of heading or term | BUEsh |
| 9 (RLIN) | 39011 |
| Topical term or geographic name as entry element | Materia medica, Vegetable. |
| 650 #7 - SUBJECT ADDED ENTRY--TOPICAL TERM | |
| 9 (RLIN) | 39012 |
| Topical term or geographic name as entry element | Natural products. |
| Source of heading or term | BUEsh |
| 650 #7 - SUBJECT ADDED ENTRY--TOPICAL TERM | |
| 9 (RLIN) | 30027 |
| Topical term or geographic name as entry element | Pharmaceutical chemistry. |
| Source of heading or term | BUEsh |
| 650 #7 - SUBJECT ADDED ENTRY--TOPICAL TERM | |
| Topical term or geographic name as entry element | Bioactive compounds. |
| 9 (RLIN) | 39013 |
| Source of heading or term | BUEsh |
| 651 ## - SUBJECT ADDED ENTRY--GEOGRAPHIC NAME | |
| Source of heading or term | BUEsh |
| 653 ## - INDEX TERM--UNCONTROLLED | |
| Resource For college | Engineering, General |
| Arrived date list | June2015 |
| -- | January2016 |
| 700 1# - ADDED ENTRY--PERSONAL NAME | |
| Personal name | Liang, Xiaotian, |
| Relator term | editor. |
| 700 1# - ADDED ENTRY--PERSONAL NAME | |
| Personal name | Fang, Wei-Shuo, |
| Relator term | editor. |
| 942 ## - ADDED ENTRY ELEMENTS (KOHA) | |
| Source of classification or shelving scheme | Dewey Decimal Classification |
| Withdrawn status | Lost status | Source of classification or shelving scheme | Damaged status | Not for loan | Koha collection | Home library | Current library | Shelving location | Date acquired | Source of acquisition | Cost, normal purchase price | Serial Enumeration / chronology | Total Checkouts | Full call number | Barcode | Date last seen | Cost, replacement price | Koha item type |
|---|---|---|---|---|---|---|---|---|---|---|---|---|---|---|---|---|---|---|
| Dewey Decimal Classification | Central Library | Central Library | First floor | 02/07/2015 | Purchase | 400.00 | 1091 | 615.321 MED | 000039235 | 15/07/2025 | 500.00 | Book - Borrowing |